书目信息 |
| 题名: |
朴正熙
|
|
| 作者: | 玄雄 著 ;潘屹 译 | |
| 分册: | ||
| 出版信息: | 北京 红旗出版社 1993.4 |
|
| 页数: | 167页 | |
| 开本: | 20cm | |
| 丛书名: | ||
| 单 册: | ||
| 中图分类: | K833.126.75 , K833.12 | |
| 科图分类: | ||
| 主题词: | ||
| 电子资源: | ||
| ISBN: | 7-80068-451-2 | |
| 000 | 00867nam0 2200265 450 | |
| 001 | 1536635130 | |
| 005 | 20150125165435.23 | |
| 010 | @a7-80068-451-2@dCNY4.50 | |
| 100 | @a19930810d1993 em y0chiy0110 ea | |
| 101 | 1 | @achi@ceng |
| 102 | @aCN@b110000 | |
| 105 | @af z 000yb | |
| 200 | 1 | @a朴正熙@9piao zheng xi@f(美)玄 雄著@g潘 屹译 |
| 210 | @a北京@c红旗出版社@d1993.4 | |
| 215 | @a167页@c照片@d20cm | |
| 300 | @a内部发行 | |
| 330 | @a本书通过有关秘密与公开的文件、资料、朴正熙言论、他人回忆等,记述了朴正熙的生平、政治活动及其业绩,侧重叙述他的政治、经济思想以及他如何从韩国具体国情出发制定政策和计划。 | |
| 600 | 0 | @a林正熙@x生平事迹 |
| 600 | 0 | @2CT@3S909479@a林正熙 |
| 690 | @aK833.126.75@v三版 | |
| 690 | @aK833.12@v4 | |
| 701 | 1 | @a玄雄@9xuan xiong@4著 |
| 702 | 0 | @a潘屹@9pan yi@4译 |
| 801 | 0 | @aCN@bTSSF@c20150125 |
| 905 | @aZUCC@dK833.12@eJY20 | |
| 朴正熙/(美)玄 雄著/潘 屹译.-北京:红旗出版社,1993.4 |
| 167页:照片;20cm |
| 内部发行 |
| ISBN 7-80068-451-2:CNY4.50 |
| 本书通过有关秘密与公开的文件、资料、朴正熙言论、他人回忆等,记述了朴正熙的生平、政治活动及其业绩,侧重叙述他的政治、经济思想以及他如何从韩国具体国情出发制定政策和计划。 |
| ● |
| 相关链接 |
|
|
|
|
正题名:朴正熙
索取号:K833.12/JY20
 
预约/预借
| 序号 | 登录号 | 条形码 | 馆藏地/架位号 | 状态 | 备注 |
| 1 | 7855972 | 278559720 | 学院路分馆/ [索取号:K833.12/JY20] | 在馆 | |
| 2 | 7855973 | 278559739 | 学院路分馆/ [索取号:K833.12/JY20] | 在馆 | |
| 3 | 7855974 | 278559748 | 学院路分馆/ [索取号:K833.12/JY20] | 在馆 | |
| 4 | 7855975 | 278559757 | 学院路分馆/ [索取号:K833.12/JY20] | 在馆 |